[Event "XXVII Belgrade Trophy"]
[Site "Obrenovac SRB"]
[Date "2013.11.28"]
[Round "5.8"]
[White "Kislinsky,A"]
[Black "Garic,R"]
[Result "1-0"]
[WhiteElo "2504"]
[BlackElo "2246"]

1.e4 d6 2.d4 Nf6 3.Nc3 e5 4.Nf3 Nbd7 5.Bc4 Be7 6.O-O Nb6 7.Be2 exd4 8.Nxd4 O-O
9.Bf4 c6 10.Qd3 d5 11.e5 Ne8 12.Rad1 Nc7 13.Nf5 Bxf5 14.Qxf5 Qc8 15.Qh5 g6
16.Qf3 Re8 17.Qg3 Ne6 18.Bc1 Ng7 19.Bg4 Qb8 20.Rde1 Qd8 21.Qh3 h5 22.Be2 Qd7
23.Qd3 Bc5 24.Bf4 Qf5 25.Qg3 Nd7 26.Bd1 Bd4 27.Be3 Bxe5 28.f4 Bc7 29.Kh1 Bb6
30.Bxb6 axb6 31.Ne2 c5 32.Qf2 Nf6 33.Ng3 Qd7 34.f5 Nxf5 35.Nxf5 Qxf5 36.Qh4 Rxe1
37.Qxe1 Re8 38.Qxe8+ Nxe8 39.Rxf5 gxf5 40.Bxh5 Nd6 41.Kg1 Kg7 42.Kf2 Kf6
43.Be2 Ke5 44.Kf3 f6 45.h4 Nf7 46.Bb5 f4 47.Bd7 Nh6 48.Bc8 Nf7 49.Bxb7 Nd6
50.Ba6 f5 51.a4 d4 52.b3 Ne4 53.Bd3 Ng3 54.Bb5 Ne4 55.Ke2 Nf6 56.Bc6 Ne4
57.Kd3 Nd6 58.Bf3 Nf7 59.Kc4 Nd6+ 60.Kd3 Nf7 61.h5 Kd6 62.Kc4 Nh6 63.b4 cxb4
64.Kxd4 Kc7 65.Ke5 Kd7 66.Kd5 Nf7 67.Kc4 Kd6 68.Kxb4 Kc7 69.Kc4 Kd6 70.Kd4 Ng5
71.Bd5 Nh7 72.Bf7 Ke7 73.Bg6 Nf8 74.Bxf5 Kf6 75.Bg4 Kg5 76.Bf3 Ne6+ 77.Kd5 Nc5
78.a5 Nd7 79.a6 b5 80.a7 b4 81.Kc4 Nb6+ 82.Kxb4 Kf6 83.Kb5 Nc8  1-0

[Event "ch-IRI 2013"]
[Site "Tabriz IRI"]
[Date "2013.11.28"]
[Round "2.6"]
[White "Asgarizadeh,A"]
[Black "Ahmadinia,E"]
[Result "1-0"]
[WhiteElo "2267"]
[BlackElo "2398"]

1.e4 d6 2.d4 Nf6 3.Nc3 e5 4.Nf3 Nbd7 5.Bc4 Be7 6.O-O O-O 7.Re1 a6 8.a4 b6
9.b3 c6 10.Bb2 Bb7 11.Bd3 Re8 12.Ne2 Bf8 13.Ng3 Qc7 14.Qd2 g6 15.h3 Rad8
16.Rad1 Bg7 17.Qc1 Bc8 18.Qa1 h6 19.Bf1 Nh7 20.Rd2 Ng5 21.Nxg5 hxg5 22.Red1 exd4
23.Bxd4 Ne5 24.Be2 c5 25.Bc3 Qe7 26.Nf1 Bb7 27.Ne3 Bxe4 28.Bxa6 Qf6 29.Bf1 Qe6
30.Bc4 Nxc4 31.bxc4 f6 32.Qb2 Ba8 33.Qxb6 Bf8 34.Qb2 Be7 35.a5 Rb8 36.Qa1 Kf7
37.Qa4 Rh8 38.Nd5 g4 39.Rd3 gxh3 40.Re3 Bxd5 41.Rxe6 Bxe6 42.Re1 Rh4 43.a6 hxg2
44.Rxe6 Kxe6 45.a7 Ra8 46.Qa6 Rhh8 47.Qb7 Rhc8 48.Kxg2 Bd8 49.f4 Bc7 50.Kf3 f5
51.Ke3 Bd8 52.Kd3 Be7 53.Be1 Bf6 54.Bd2 Bd8 55.Ke2 Bf6 56.Kd1 Bd8 57.Kc1 Bc7
58.Bc3 Bd8 59.Kb1 Be7 60.Ka2 Bf6 61.Bd2 Bd8 62.Kb3 Bc7 63.Ka4 Kf6 64.Bc3+ Ke6
65.Be1 Kf6 66.Bd2 g5 67.fxg5+ Kg6 68.Bf4 Kh5 69.Kb5 Kg4 70.Bd2 Rcb8 71.axb8=Q  1-0

[Event "XXVII Belgrade Trophy"]
[Site "Obrenovac SRB"]
[Date "2013.11.30"]
[Round "7.7"]
[White "Posedaru,B"]
[Black "Kislinsky,A"]
[Result "1-0"]
[WhiteElo "2324"]
[BlackElo "2504"]

1.d4 d6 2.e4 Nf6 3.Nc3 Nbd7 4.Be3 e5 5.h3 a6 6.a4 Be7 7.Nge2 O-O 8.g4 Rb8
9.Ng3 c6 10.a5 Ne8 11.Qd2 Nc7 12.d5 cxd5 13.exd5 b6 14.Na4 b5 15.Nc3 Nf6
16.b4 Bb7 17.Bg2 e4 18.Ngxe4 Nfxd5 19.Nxd5 Bxd5 20.O-O Bc4 21.Rfd1 d5 22.Ng3 Ne6
23.c3 Rb7 24.Nf5 Bf6 25.Rac1 Rd7 26.f4 Bb3 27.Bb6 Qb8 28.Rf1 Bc4 29.Rf2 Bd8
30.Be3 Bc7 31.Bf1 Rfd8 32.Rd1 Bd6 33.Nxd6 Rxd6 34.Bb6 Re8 35.Bxc4 bxc4 36.f5 Nf8
37.Re2 Rxe2 38.Qxe2 Rh6 39.Qf3 Qe5 40.Rxd5 Qe1+ 41.Kg2 Qe8 42.Rd8 Qe7 43.Qe3 Qb7+
44.Kg1  1-0

[Event "TCh-CZE Extraliga 2013-14"]
[Site "Pardubice CZE"]
[Date "2013.11.30"]
[Round "3.6"]
[White "Jansa,Vl"]
[Black "Neuman,P"]
[Result "0-1"]
[WhiteElo "2449"]
[BlackElo "2497"]

1.e4 d6 2.d4 Nf6 3.Nc3 e5 4.Nf3 Nbd7 5.Bc4 Be7 6.O-O O-O 7.Re1 c6 8.a4 a5
9.b3 exd4 10.Nxd4 Nb6 11.Bd3 d5 12.e5 Ne8 13.Qf3 g6 14.Bh6 Ng7 15.Rad1 Bg5
16.Bxg7 Kxg7 17.Nce2 Bh6 18.Nf4 Qg5 19.g3 Qg4 20.Qxg4 Bxg4 21.Be2 Bd7 22.Nd3 Rae8
23.f4 Kg8 24.Bf3 Bc8 25.Kf2 Bg7 26.c3 f6 27.exf6 Bxf6 28.Nc5 Kf7 29.h4 Rxe1
30.Rxe1 Re8 31.Rxe8 Kxe8 32.Ke3 Ke7 33.h5 Kd6 34.Nd3 Bd7 35.hxg6 hxg6 36.Kd2 c5
37.Nb5+ Bxb5 38.axb5 c4 39.bxc4 Nxc4+ 40.Kc2 Ne3+ 41.Kb2 Nf1 42.g4 Nd2 43.Bg2 Ne4
44.Kb3 b6 45.g5 Bg7 46.Kc2 Nxc3 47.Ne5 Nxb5 48.Nxg6 Nd4+ 49.Kb1 b5 50.Nh4 b4
51.f5 Be5 52.f6 a4 53.Ng6 Ne6 54.Nxe5 Kxe5 55.f7 Nf8 56.Kb2 d4 57.Bf1 Kf4
58.Bb5 a3+ 59.Kc2 Ke3 60.Bc4 d3+ 61.Bxd3 a2 62.Kb2 Kxd3 63.g6 Nxg6 64.Kxa2 Kc2
65.Ka1 b3  0-1

[Event "14th Puhajarve Rapid"]
[Site "Puhajarve EST"]
[Date "2013.11.30"]
[Round "22.1"]
[White "Georgiev,Ki"]
[Black "Porrasmaa,T"]
[Result "1-0"]
[WhiteElo "2648"]
[BlackElo "2070"]

1.d4 d6 2.e4 Nf6 3.Nc3 e5 4.Nge2 Be7 5.h3 O-O 6.g4 c6 7.Bg2 a5 8.f4 exd4
9.Qxd4 Na6 10.Be3 d5 11.exd5 Bc5 12.Qd2 Bxe3 13.Qxe3 Re8 14.Qd2 cxd5 15.O-O-O Bd7
16.g5 Nh5 17.Nxd5 Bc6 18.Nec3 Ng3 19.Rhe1 Nf5 20.a3 a4 21.Qd3 Nd6 22.h4 Nc5
23.Qd4 Qa5 24.Re5 Rad8 25.Ne7+ Rxe7 26.Rxe7 Ne6 27.Qe5 Nc8 28.Qxa5  1-0

[Event "TCh-CZE Extraliga 2013-14"]
[Site "Frydek-Mistek CZE"]
[Date "2013.12.01"]
[Round "4.8"]
[White "Jasny,S"]
[Black "Lys,J"]
[Result "1/2-1/2"]
[WhiteElo "2320"]
[BlackElo "2192"]

1.e4 d6 2.d4 Nf6 3.Nc3 c6 4.f4 b5 5.Bd3 Qb6 6.Nf3 Bg4 7.e5 dxe5 8.dxe5 Nd5
9.Nxd5 cxd5 10.Qe2 a6 11.Be3 Qc6 12.h3 Bxf3 13.Qxf3 e6 14.O-O g6 15.a4 b4
16.c4 bxc3 17.bxc3 Bc5 18.c4 Qb6 19.Bxc5 Qxc5+ 20.Kh1 Ra7 21.cxd5 Qxd5 22.Be4 Qd7
23.Rfd1 Qe7 24.a5 O-O 25.Qe3 Rc7 26.Rd6 Rfc8 27.Rad1 Qh4 28.Qd2 Kg7 29.Rd8 Rxd8
30.Qxd8 Qxd8 31.Rxd8 Nc6 32.Bxc6 Rxc6 33.Ra8 h6 34.g3 g5 35.Kg2 Kg6 36.Ra7 Rc2+
37.Kf3 Rc3+ 38.Kg2 Rc2+ 39.Kf3 Rc3+ 40.Ke4  1/2-1/2

[Event "1st Lima International 2013"]
[Site "Lima PER"]
[Date "2013.12.01"]
[Round "7.1"]
[White "Vidarte Morales,A"]
[Black "Mamani,Joa"]
[Result "1/2-1/2"]
[WhiteElo "2330"]
[BlackElo "2200"]

1.d4 d6 2.e4 Nf6 3.Nc3 e5 4.Nf3 Nbd7 5.Bc4 Be7 6.O-O O-O 7.a4 c6 8.Re1 b6
9.d5 c5 10.Nd2 Ne8 11.Bf1 a6 12.Nc4 Rb8 13.Be3 g6 14.Qd2  1/2-1/2

[Event "ch-IRI 2013"]
[Site "Tabriz IRI"]
[Date "2013.12.01"]
[Round "7.7"]
[White "Behmardi,K"]
[Black "Nasri,A"]
[Result "0-1"]
[WhiteElo "2276"]
[BlackElo "2320"]

1.e4 d6 2.d4 Nf6 3.Nc3 c6 4.Nf3 Bg4 5.Be2 e6 6.h3 Bh5 7.O-O Be7 8.e5 dxe5
9.dxe5 Nd5 10.Ne4 O-O 11.c4 Nb6 12.Qb3 N8d7 13.Bf4 Bg6 14.Qe3 Qc7 15.Rad1 Rfd8
16.h4 Bxe4 17.Qxe4 Nc5 18.Qc2 Rxd1 19.Rxd1 Rd8 20.Re1 Nbd7 21.b4 Na6 22.a3 Nf8
23.h5 h6 24.Nh2 Rd7 25.Qe4 Qd8 26.Be3 Nc7 27.Ng4 a6 28.Rf1 a5 29.bxa5 Na6
30.Bb6 Qc8 31.Qe3 c5 32.f4 Rd4 33.Nh2 Qc6 34.Qc1 Rd7 35.Bf3 Qc8 36.Qc2 Nb8
37.f5 Bg5 38.Qf2 Rd4 39.fxe6 Nxe6 40.Bd5 Rf4 41.Qe1 Nc6 42.Rxf4 Nxf4 43.Qe4 Nd4
44.Bxb7 Qd7 45.Bd5 Qa4 46.Qe1 Nde2+ 47.Kf1 Bh4 48.Qxh4 Qd1+ 49.Kf2 Qd4+ 50.Ke1 Nxg2+
51.Kxe2 Nxh4 52.Nf3 Qb2+ 53.Ke3 Ng2+ 54.Ke4  0-1

[Event "XXVII Belgrade Trophy"]
[Site "Obrenovac SRB"]
[Date "2013.12.02"]
[Round "9.11"]
[White "Todorovic,GM"]
[Black "Garic,R"]
[Result "1-0"]
[WhiteElo "2480"]
[BlackElo "2246"]

1.e4 d6 2.d4 Nf6 3.Nc3 e5 4.Nf3 Nbd7 5.Bc4 Be7 6.O-O Nb6 7.Be2 exd4 8.Nxd4 O-O
9.f4 d5 10.e5 Ne4 11.Nxe4 dxe4 12.c3 a6 13.Qc2 c5 14.Nb3 Bf5 15.g4 Bd7 16.c4 Qc8
17.f5 Re8 18.Bf4 g6 19.e6 Bc6 20.f6 g5 21.Bxg5 Bd6 22.e7 h6 23.Bxh6 Qe6 24.Qd2  1-0

[Event "ch-IRI 2013"]
[Site "Tabriz IRI"]
[Date "2013.12.02"]
[Round "8.9"]
[White "Darini,P"]
[Black "Ahmadinia,E"]
[Result "1-0"]
[WhiteElo "2540"]
[BlackElo "2398"]

1.e4 d6 2.d4 Nf6 3.Nc3 e5 4.Nf3 Nbd7 5.Bc4 Be7 6.O-O O-O 7.Re1 a6 8.a4 b6
9.Nd5 Bb7 10.Nxe7+ Qxe7 11.Bd3 Rfe8 12.d5 c6 13.c4 a5 14.Nh4 Qf8 15.Ra3 Nc5
16.Bc2 cxd5 17.exd5 Kh8 18.Rg3 Bc8 19.Bg5 e4 20.f4 Ng8 21.f5 g6 22.fxg6 hxg6
23.Rf1 Qg7 24.Rf4 Re5 25.Nf5 Bxf5 26.Rh4+ Qh7 27.Rxh7+ Kxh7 28.Bf4 Rae8 29.Bxe5 Rxe5
30.Re3 Bd7 31.Qf1 Kg7 32.Qe1 Nf6 33.b4 Nb7 34.h3 Re8 35.Qc3 axb4 36.Qxb4 Na5
37.Bb3 Nxb3 38.Qxb3 Ra8 39.Re1 Bxa4 40.Qxb6 Re8 41.Qxd6  1-0

[Event "34th Crespi Trophy 2013"]
[Site "Milan ITA"]
[Date "2013.12.03"]
[Round "4.3"]
[White "Martinez,Rol"]
[Black "Mrdja,M"]
[Result "1/2-1/2"]
[WhiteElo "2422"]
[BlackElo "2388"]

1.e4 d6 2.d4 Nf6 3.Nc3 e5 4.Nf3 Nbd7 5.Bc4 Be7 6.O-O O-O 7.Re1 c6 8.a4 b6
9.b3 a6 10.Bb2 Rb8 11.Bd3 Qc7 12.Ne2 exd4 13.Nfxd4 Ne5 14.Ng3 g6 15.f4 Nxd3
16.cxd3 c5 17.Nf3 Bb7 18.f5 Nd7 19.Qd2 Ne5 20.Qh6 Rfe8 21.Nh5 gxh5 22.Nxe5 dxe5
23.f6 Bxf6 24.Qxf6 Re6 25.Qg5+ Kh8 26.Rf1 Rg8 27.Qxh5 Rgg6 28.Rf5 f6 29.Raf1 Kg8
30.Qf3 a5 31.h4 Qg7 32.Kh2 Bc8 33.g3 Rd6 34.Bxe5 Bxf5 35.Bxd6 Bg4 36.Qe3 Qf7
37.d4 cxd4 38.Qxd4 Qxb3 39.Be7 Bd7 40.Bd6 Qe6 41.Qd5 Qxd5 42.exd5 Bxa4 43.Bc7 Kf7
44.Rb1 f5 45.d6 Re6 46.Bxb6  1/2-1/2

[Event "IV JAHV McGregor 2013"]
[Site "Bogota COL"]
[Date "2013.12.04"]
[Round "1.23"]
[White "Becerra,J"]
[Black "Gomez Ledo,R"]
[Result "1/2-1/2"]
[WhiteElo "2221"]
[BlackElo "2424"]

1.e4 d6 2.d4 Nf6 3.Nc3 e5 4.Nf3 Nbd7 5.Bc4 Be7 6.O-O O-O 7.Qe2 c6 8.a4 exd4
9.Nxd4 Re8 10.Bf4 d5 11.exd5 Nb6 12.Bb3 Bc5 13.Qd3 Nfxd5 14.Nxd5 Nxd5 15.Bg3 Qf6
16.Rae1 Bd7 17.c3 Rxe1 18.Rxe1 Re8 19.Rxe8+ Bxe8 20.Bxd5 cxd5 21.Nb3 Qe7
22.Nxc5 Qxc5 23.b3 Bc6 24.Be5 Qe7 25.Qe3 f6 26.Bd4 Qxe3 27.Bxe3 a6 28.f3 Kf7
29.Kf2 Ke6 30.Bd4 Kf5 31.Ke3  1/2-1/2

[Event "34th El Corte Ingles"]
[Site "Las Palmas ESP"]
[Date "2013.12.04"]
[Round "3.1"]
[White "Vega Gutierrez,B"]
[Black "Strikovic,A"]
[Result "0-1"]
[WhiteElo "2180"]
[BlackElo "2529"]

1.e4 d6 2.d4 Nf6 3.Nc3 e5 4.Nf3 Nbd7 5.Bc4 Be7 6.O-O Nb6 7.Bd3 Nfd7 8.a4 a5
9.Be3 c6 10.Re1 O-O 11.h3 exd4 12.Bxd4 Bf6 13.Bf1 Re8 14.b3 Ne5 15.Nxe5 dxe5
16.Be3 Nd7 17.Qf3 Qe7 18.Rad1 Nc5 19.Bc4 Ne6 20.Bxe6 Bxe6 21.Bb6 Bg5 22.Rd3 Qb4
23.Be3 Bxe3 24.Qxe3 Red8 25.Red1 Rxd3 26.Rxd3 h6 27.Kh2 Kh7 28.Na2 Qe7 29.Qb6 Ra6
30.Qe3 b6 31.Nc3 Qc7 32.Kg1 Ra8 33.Qd2 Rb8 34.Qe3 Kg8 35.Kh2 Qe7 36.Rd1 Kf8
37.Rd3 Qc5 38.Qxc5+ bxc5 39.Nd1 c4 40.bxc4 Rb4 41.Ne3 Ke7 42.Rb3 Rxa4 43.Rb7+ Kd6
44.Nf5+ Kc5 45.Nxg7 Bxc4 46.Nf5 Rb4 47.Ra7 Kb6 48.Ra8 Ba6 49.Rd8 a4 50.Rd1 Rxe4
51.Nxh6 Bc4 52.Nf5 Be6 53.Ne3 f5 54.Ra1 Kb5 55.Nd1 Rc4 56.c3 Re4 57.Nb2 Bb3
58.Kg3 f4+ 59.Kf3 Bd5 60.c4+ Rxc4+ 61.Kg4 Rd4 62.Kf5 Bxg2 63.h4 Bf3 64.Kxe5 c5
65.Kf5 Rb4 66.Nd1 Bxd1 67.Rxd1 a3 68.h5 a2 69.Ra1 Rb2 70.Kxf4 Ka4 71.Ke3 Ka3
72.h6 Rb6 73.h7 Rh6 74.Kd3 Rxh7  0-1

[Event "34th Crespi Trophy 2013"]
[Site "Milan ITA"]
[Date "2013.12.04"]
[Round "5.5"]
[White "Formento,P"]
[Black "Martinez,Rol"]
[Result "1/2-1/2"]
[WhiteElo "2175"]
[BlackElo "2422"]

1.e4 d6 2.d4 Nf6 3.Nc3 c6 4.f4 Qa5 5.e5 Ne4 6.Bd2 Nxd2 7.Qxd2 Bf5 8.exd6 e6
9.Nf3 Bxd6 10.Ne5 Qc7 11.g3 Nd7 12.O-O-O Nf6 13.Bg2 O-O-O 14.Qe2 h5 15.Ne4 Nxe4
16.Bxe4 Kb8 17.Kb1 Bxe4 18.Qxe4 c5 19.dxc5 Bxc5 20.Rxd8+ Rxd8 21.Qh7 Bd4
22.Qxh5 Bxb2 23.Kxb2 Qb6+ 24.Kc1 Qe3+ 25.Kb1 Qb6+ 26.Kc1 Qe3+ 27.Kb1 Rd5
28.a4 Qe4 29.Rd1 Qb4+ 30.Kc1 Qa3+ 31.Kb1 Qb4+ 32.Kc1 Qa3+  1/2-1/2

[Event "IV JAHV McGregor 2013"]
[Site "Bogota COL"]
[Date "2013.12.06"]
[Round "4.69"]
[White "Navia,E"]
[Black "Aguilar,Hernando"]
[Result "1-0"]
[WhiteElo "2108"]
[BlackElo "1862"]

1.e4 d6 2.d4 Nf6 3.Nc3 Nbd7 4.f4 e6 5.Nf3 Be7 6.Bd3 c5 7.e5 Nd5 8.Ne4 cxd4
9.exd6 Bf6 10.O-O Ne3 11.Bxe3 dxe3 12.c3 Qb6 13.Qe2 g6 14.Nxf6+ Nxf6 15.Bb5+ Bd7
16.Bxd7+ Nxd7 17.Ne5 f6 18.Nc4 Qc5 19.Rad1 b5 20.Nxe3 Kf7 21.Kh1 h5 22.Rd4 h4
23.h3 e5 24.Rd5 Qc6 25.fxe5 f5 26.e6+ Kxe6 27.Nxf5+ Kxd5 28.Rd1+ Kc5 29.Qe3+  1-0

[Event "9th Ugra Governor's Cup"]
[Site "Khanty-Mansiysk RUS"]
[Date "2013.12.06"]
[Round "9.11"]
[White "Korneev,O"]
[Black "Yudin,S"]
[Result "1-0"]
[WhiteElo "2637"]
[BlackElo "2548"]

1.e4 d6 2.d4 Nf6 3.Nc3 e5 4.Nf3 Nbd7 5.Bc4 Be7 6.O-O O-O 7.Re1 a6 8.a4 b6
9.Ba2 Bb7 10.Qe2 h6 11.Rd1 exd4 12.Nxd4 Re8 13.Bf4 Bf8 14.Qc4 Re7 15.Nf5 Re6
16.Nd4 Re7 17.Nc6 Bxc6 18.Qxc6 g5 19.Bg3 Ne5 20.Bxe5 Rxe5 21.Bd5 Rb8 22.Qc4 Nxd5
23.Nxd5 c5 24.Qxa6 Rxe4 25.Qd3 Re6 26.c3 Bg7 27.Rab1 Qd7 28.Qb5 Qb7 29.b4 Re5
30.c4 Re2 31.bxc5 dxc5 32.a5 Bd4 33.Qxb6 Qxb6 34.axb6 Rb7 35.Ne3 Bxe3 36.fxe3 Rxe3
37.Rd6 Kf8 38.Rc6 Ke7 39.Rxc5 Kd6 40.Rf5 Rc3 41.Rf6+ Ke7 42.Rbf1 Ke8 43.Rxh6 Rxc4
44.Rh8+ Ke7 45.Rxf7+ Kxf7 46.Rh7+ Kg6 47.Rxb7 Rb4 48.Rb8 Rb2 49.b7 Kg7 50.Kf1 Kh7
51.Ke1 Kg7 52.Kd1 Kh7 53.Kc1 Rb6 54.Kd2 Kg7 55.Kd3 Kh7 56.Kd4 Kg7 57.Ke5 Rb5+
58.Ke6 g4 59.Rd8 Rxb7 60.Rd7+ Rxd7 61.Kxd7 g3 62.h3  1-0

[Event "19th Navalmoral Open"]
[Site "Navalmoral ESP"]
[Date "2013.12.06"]
[Round "3.5"]
[White "Ibarra Jerez,JC"]
[Black "Komljenovic,D"]
[Result "1/2-1/2"]
[WhiteElo "2510"]
[BlackElo "2407"]

1.e4 d6 2.d4 Nf6 3.Nc3 e5 4.Nf3 Nbd7 5.Bc4 Be7 6.a4 O-O 7.O-O c6 8.h3 b6
9.Ba2 Bb7 10.Re1 a6 11.Qd3 b5 12.axb5 axb5 13.b4 Ra6 14.Bb2 Qc7 15.Bb3 Rxa1
16.Rxa1 Nh5 17.g3 Rd8 18.d5 Nhf6 19.dxc6 Bxc6 20.Ng5 Rf8 21.Nxb5 Bxb5 22.Qxb5 h6
23.Nf3 Nxe4 24.Ra6 Nef6 25.Rc6 Qa7 26.Ra6 Qc7 27.Rc6 Qa7 28.Bc3 Ne4 29.Be1 Nef6
30.Nh4 Qa1 31.Kf1 Rb8 32.Qa4 Qxa4 33.Bxa4 d5 34.Rc7 Bd6 35.Rxd7 Nxd7 36.Bxd7 Bxb4
37.c3 Ba5 38.Nf3 Rb1 39.Ke2 e4 40.Nd4 Rxe1+ 41.Kxe1 Bxc3+ 42.Ke2 Bxd4 43.Bc6 f5
44.Bxd5+ Kh7 45.g4 g6 46.gxf5 gxf5 47.f3  1/2-1/2

[Event "Porec Open 2013"]
[Site "Porec CRO"]
[Date "2013.12.06"]
[Round "3.7"]
[White "Bratkovic,Sham"]
[Black "Pahljina,Marko"]
[Result "1-0"]
[WhiteElo "2071"]
[BlackElo "1544"]

1.e4 d6 2.d4 Nf6 3.Nc3 Nbd7 4.Nf3 e5 5.Bc4 Be7 6.O-O O-O 7.a4 c6 8.a5 Qc7
9.Re1 Re8 10.Bg5 exd4 11.Nxd4 Nc5 12.Bh4 Bd7 13.b4 Ne6 14.Nf5 Bf8 15.Qf3 Kh8
16.Rad1 Rad8 17.Rd3 Bc8 18.Nxg7 Bxg7 19.Bxf6 Bxf6 20.Qxf6+ Ng7 21.Rg3 Rg8
22.Ree3 Be6 23.Bxe6 fxe6 24.Rh3 Rgf8 25.Qh4 Kg8 26.Qxh7+ Kf7 27.Rhg3  1-0

[Event "TCh-AUT 1st Bundesliga 2013-14"]
[Site "Jenbach AUT"]
[Date "2013.12.07"]
[Round "2.3"]
[White "Bromberger,S"]
[Black "Jovanovic,Zo CRO"]
[Result "1-0"]
[WhiteElo "2500"]
[BlackElo "2536"]

1.e4 d6 2.d4 Nf6 3.Nc3 e5 4.Nf3 Nbd7 5.Bc4 Be7 6.O-O Nb6 7.Be2 exd4 8.Nxd4 O-O
9.a4 a5 10.Bf4 c6 11.Qd3 d5 12.Rad1 dxe4 13.Qg3 Nbd5 14.Nxd5 cxd5 15.Bc7 Qd7
16.Bb5 Qg4 17.Qe5 Bc5 18.c4 Bd7 19.h3 Bxd4 20.Qxd4 Qf5 21.cxd5 Rfe8 22.Qb6 Bxb5
23.Qxb5 Qd7 24.Qxb7 Rec8 25.d6 Ne8 26.Qb5 Qxb5 27.axb5 Nxc7 28.b6 Ne6 29.b7 Kf8
30.Rd5 Rcb8 31.bxa8=Q Rxa8 32.Re1 Nf4 33.Rb5  1-0

[Event "TCh-AUT 1st Bundesliga 2013-14"]
[Site "Jenbach AUT"]
[Date "2013.12.07"]
[Round "2.3"]
[White "Knoll,H"]
[Black "Bosiocic,Mari"]
[Result "0-1"]
[WhiteElo "2306"]
[BlackElo "2542"]

1.e4 d6 2.d4 Nf6 3.Nc3 e5 4.dxe5 dxe5 5.Qxd8+ Kxd8 6.Bc4 Ke8 7.f3 c6 8.Be3 Nbd7
9.a4 a5 10.Nge2 Bc5 11.Kf2 Bxe3+ 12.Kxe3 Nb6 13.Ba2 Nfd7 14.Nc1 Nc5 15.Nd3 Nxd3
16.Kxd3 Ke7 17.Rhd1 f5 18.Bb3 f4 19.Ke2 Bd7 20.g3 Raf8 21.Rg1 fxg3 22.hxg3 h5
23.Rh1 g5 24.Rag1 g4 25.fxg4 Bxg4+ 26.Ke1 Rf3 27.Rf1 Rhf8 28.Rxf3 Rxf3 29.Rg1 Kd6
30.Nd1 Kc5 31.c3 Nc4 32.Bc2 b5 33.axb5 cxb5 34.Bb3 Rd3 35.Rf1 Bxd1 36.Bxd1 Rxd1+  0-1

[Event "34th El Corte Ingles"]
[Site "Las Palmas ESP"]
[Date "2013.12.07"]
[Round "7.3"]
[White "Kurajica,B"]
[Black "Menvielle Lacourrelle,A"]
[Result "1-0"]
[WhiteElo "2515"]
[BlackElo "2146"]

1.d4 d6 2.e4 Nf6 3.Nc3 e5 4.Nge2 Nbd7 5.g3 g6 6.Bg2 Bg7 7.O-O O-O 8.h3 c6
9.a4 a5 10.Be3 Re8 11.g4 Nf8 12.Qd2 Qc7 13.f4 exf4 14.Rxf4 Qe7 15.Raf1 Ne6
16.R4f2 d5 17.exd5 cxd5 18.Rxf6  1-0

[Event "5th Classic Open 2013"]
[Site "London ENG"]
[Date "2013.12.07"]
[Round "1.35"]
[White "Sellmair,Reinhard"]
[Black "Summerscale,A"]
[Result "1/2-1/2"]
[WhiteElo "1988"]
[BlackElo "2423"]

1.e4 d6 2.d4 Nf6 3.Nc3 c6 4.a4 Qa5 5.Bd2 e5 6.dxe5 dxe5 7.Nd5 Qd8 8.Nxf6+ Qxf6
9.Nf3 Bg4 10.Bc4 Nd7 11.h3 Bxf3 12.Qxf3 Qxf3 13.gxf3 Bd6 14.Rg1 g6 15.a5 Ke7
16.Rd1 Rhd8 17.c3 Bc7 18.b4 b6 19.axb6 axb6 20.Ke2 Ra3 21.Ra1 Rda8 22.Rxa3 Rxa3
23.Rb1 Nf8 24.Kd3 b5 25.Bb3 Bb6 26.Bc1 Ra8 27.Be3 Bxe3 28.fxe3 Ne6 29.h4 Ra3
30.Kc2 f6 31.Rg1 Ra8 32.Kd2 Ng7 33.f4 exf4 34.exf4 Nh5 35.f5 gxf5 36.exf5 Kd6  1/2-1/2

[Event "5th Classic Open 2013"]
[Site "London ENG"]
[Date "2013.12.07"]
[Round "1.36"]
[White "McDonald,N"]
[Black "Shepley,J"]
[Result "1-0"]
[WhiteElo "2418"]
[BlackElo "1986"]

1.e4 d6 2.d4 Nf6 3.Nc3 e5 4.dxe5 dxe5 5.Qxd8+ Kxd8 6.Bc4 Be6 7.Bxe6 fxe6
8.f3 c6 9.Nh3 Bc5 10.Ke2 Nbd7 11.Be3 Ke7 12.Rad1 Rhd8 13.Nf2 Bxe3 14.Kxe3 Nb6
15.Nd3 Nfd7 16.Ke2 c5 17.Nf2 a6 18.a4 Nf6 19.Nd3 Nfd7 20.a5 Nc4 21.Ra1 Nd6
22.h4 Nb5 23.Nxb5 axb5 24.b4 c4 25.Nf2 Nb8 26.h5 Nc6 27.c3 Rd6 28.Rhd1 Rad8
29.Rxd6 Rxd6 30.h6 g6 31.Ng4 Rd8 32.Kf2 g5 33.Kg3 Ra8 34.Rd1 Rc8 35.Rd2 Rf8
36.Kf2 Rc8 37.Ke3 Rf8 38.Rd1 Re8 39.Rh1 Kf7 40.g3 Rd8 41.Ke2 Kg6 42.Ra1 Kh5
43.a6 Ra8 44.Rh1+ Kg6 45.axb7 Rb8 46.Rd1 Rxb7 47.Rd6 Ne7 48.Rxe6+  1-0

[Event "TCh-NED Meesterklasse 2013-14"]
[Site "Netherland NED"]
[Date "2013.12.07"]
[Round "3.8"]
[White "Klip,H"]
[Black "Kuipers,S"]
[Result "1-0"]
[WhiteElo "2335"]
[BlackElo "2420"]

1.e4 d6 2.d4 Nf6 3.Nc3 e5 4.f4 exd4 5.Qxd4 Nc6 6.Qf2 g6 7.Bd3 Bg7 8.Nf3 O-O
9.O-O d5 10.e5 Ng4 11.Qg3 Nb4 12.f5 Nxd3 13.cxd3 Bxf5 14.h3 d4 15.hxg4 Bxd3
16.Rd1 dxc3 17.Ne1 Qd4+ 18.Be3 Qe4 19.Rxd3 cxb2 20.Rad1 Bxe5 21.Qf3 Qc4 22.Qd5 Qxd5
23.Rxd5 Bf6 24.Nd3 b6 25.Bd4 Rad8 26.Rxd8 Rxd8 27.Bxf6 Rxd3 28.Rb1 h6 29.Rxb2 Rd6
30.Be5 Rd1+ 31.Kf2 c5 32.Re2 f5 33.gxf5 gxf5 34.Bf4 h5 35.Re7 Rd4 36.Bb8 Rd2+
37.Kf3 Rxa2 38.Bxa7 Ra3+ 39.Kf4 Ra2 40.g3 Rf2+ 41.Kg5 Rf3 42.Bb8 Kf8 43.Rb7 Rb3
44.Be5 c4 45.Kf6 Ke8 46.Ke6 Rd3 47.Rxb6 f4 48.gxf4 h4 49.Rb8+ Rd8 50.Rxd8+ Kxd8
51.Bf6+ Ke8 52.Bxh4  1-0

[Event "IV JAHV McGregor 2013"]
[Site "Bogota COL"]
[Date "2013.12.08"]
[Round "8.39"]
[White "Fiora,E"]
[Black "Vittorino,C"]
[Result "1-0"]
[WhiteElo "2069"]
[BlackElo "2296"]

1.d4 Nf6 2.Nc3 d6 3.e4 c6 4.Be3 Nbd7 5.f3 e5 6.Nge2 b5 7.d5 Bb7 8.Ng3 b4
9.dxc6 Bxc6 10.Nd5 Bxd5 11.exd5 Qa5 12.Bc4 Nb6 13.Bxb6 Qxb6 14.Qe2 Be7 15.Bb5+ Kf8
16.O-O-O g6 17.Rhe1 Kg7 18.Bc6 Rab8 19.f4 exf4 20.Qxe7 fxg3 21.hxg3 Qd8 22.Qxa7 Ng4
23.Qd4+ Ne5 24.Qf4 f6 25.Rh1 h5 26.Kb1 Rf8 27.Rde1 Rf7 28.g4 Nxg4 29.Re6 Ne5
30.g4 Nxg4 31.Rhe1 Ne5 32.Be8 Rf8 33.Bxg6 Nxg6 34.Rg1 Qd7 35.Qe4 Qf7 36.Re7 Qxe7
37.Qxe7+ Rf7 38.Qe4 f5 39.Qe6 Rf6 40.Qe7+ Rf7 41.Qxd6  1-0

[Event "IV JAHV McGregor 2013"]
[Site "Bogota COL"]
[Date "2013.12.08"]
[Round "9.14"]
[White "Requejo,O"]
[Black "Gomez Ledo,R"]
[Result "0-1"]
[WhiteElo "2302"]
[BlackElo "2424"]

1.e4 d6 2.d4 Nf6 3.Nc3 e5 4.Nf3 Nbd7 5.Bc4 Be7 6.g4 Nb6 7.Bb3 exd4 8.Nxd4 Bxg4
9.f3 Bh3 10.Be3 c5 11.Nde2 c4  0-1

[Event "19th Navalmoral Open"]
[Site "Navalmoral ESP"]
[Date "2013.12.08"]
[Round "7.10"]
[White "Antoli Royo,J"]
[Black "Gallardo Fernandez,C"]
[Result "1-0"]
[WhiteElo "2405"]
[BlackElo "2249"]

1.e4 d6 2.d4 Nf6 3.Nc3 c6 4.f4 Qa5 5.Bd3 e5 6.Nf3 Bg4 7.dxe5 dxe5 8.f5 Nbd7
9.h3 Bxf3 10.Qxf3 Nc5 11.Bd2 Qb6 12.O-O-O O-O-O 13.Bc4 Qc7 14.g4 Rd4 15.Bd3 Qd7
16.Be1 Nxd3+ 17.cxd3 Qc7 18.g5 Ne8 19.Rh2 Kb8 20.Rc2 Qd8 21.h4 Nc7 22.Qg3 Qe8
23.Qg1 Rd7 24.Bf2 b6 25.Bxb6 Nb5 26.Nxb5 axb6 27.Rxc6 Rb7 28.Rxb6 Qc8+ 29.Nc3 Bc5
30.Rxb7+ Kxb7 31.Qh2 Bd4 32.Kb1 Ka6 33.Rc1 Qb7 34.Qc2  1-0

[Event "TCh-SVK Ext 2013-14"]
[Site "Slovakia SVK"]
[Date "2013.12.08"]
[Round "4.3"]
[White "Bombek,P"]
[Black "Kantorik,M"]
[Result "1/2-1/2"]
[WhiteElo "2218"]
[BlackElo "2270"]

1.e4 Nf6 2.Nc3 d6 3.d4 c6 4.a4 g6 5.h3 Bg7 6.Nf3 O-O 7.Be2 Nbd7 8.Be3 Qc7
9.Qd2 Re8 10.Rd1 a6 11.O-O b5 12.axb5 axb5 13.Ra1 Rb8 14.e5 b4 15.exf6 bxc3
16.Qxc3 Nxf6 17.Bc4 Ne4 18.Qa3 c5 19.Qa2 Rf8 20.Bd3 cxd4 21.Nxd4 Nc5 22.Nb5 Qd7
23.Bxc5 dxc5 24.Qc4 Bxb2 25.Ra7 Bb7 26.Qxc5 Rfc8 27.Qb4 Be5 28.Be4 f5 29.Bf3 Rd8
30.Na3 Qd6 31.Qc4+ Bd5 32.Bxd5+ Qxd5 33.Rxe7 Qxc4 34.Nxc4 Bf6 35.Re6 Bg7
36.Rfe1 Rbc8 37.Nd6 Rxc2 38.Re8+ Rxe8 39.Rxe8+ Bf8 40.g4 Kg7 41.Re6 Bxd6
42.Rxd6 fxg4 43.hxg4 Rc4 44.Rd7+  1/2-1/2

[Event "63rd ch-HUN 2013"]
[Site "Gyula HUN"]
[Date "2013.12.09"]
[Round "7.5"]
[White "Horvath,Ad1"]
[Black "Berkes,F"]
[Result "0-1"]
[WhiteElo "2531"]
[BlackElo "2677"]

1.e4 d6 2.d4 Nf6 3.Nc3 e5 4.Nf3 Nbd7 5.Bc4 exd4 6.Qxd4 Be7 7.Bxf7+ Kxf7 8.Ng5+ Ke8
9.Ne6 c5 10.Qd1 Qb6 11.Nxg7+ Kf7 12.Nf5 Bf8 13.O-O Rg8 14.f4 Qc6 15.Nd5 b5
16.b3 Bb7 17.c4 bxc4 18.bxc4 Re8 19.Re1 Ba6 20.Qc2 Nxd5 21.cxd5 Qxd5 22.Bb2 Qd3
23.Qa4 Nb6  0-1

[Event "6th Kolkata Open"]
[Site "Kolkata IND"]
[Date "2013.12.09"]
[Round "5.7"]
[White "Siddharth,R"]
[Black "Gagunashvili,M"]
[Result "0-1"]
[WhiteElo "2395"]
[BlackElo "2546"]

1.e4 d6 2.d4 Nf6 3.Nc3 e5 4.Nf3 Nbd7 5.Bc4 Be7 6.O-O O-O 7.Re1 c6 8.a4 Qc7
9.a5 h6 10.h3 Re8 11.Bf1 Bf8 12.a6 b5 13.d5 b4 14.Na2 cxd5 15.exd5 Rb8 16.c3 bxc3
17.Nxc3 Nc5 18.Be3 Rxb2 19.Qc1 Rb4 20.Nb5 Qb8 21.Bxc5 dxc5 22.Nxe5 Rxe5 23.Rxe5 Rxb5
24.Re1 Rb4 25.Rb1 Bd6 26.Rxb4 Qxb4 27.Bc4 Bf4 28.Qb1 Qxc4 29.Re7 Qxa6  0-1